Participación ciudadana y gobernanza local como forma de gobierno en México /
Zapisane w:
| 1. autor: | |
|---|---|
| Kolejni autorzy: | |
| Format: | Texto |
| Etykiety: |
Dodaj etykietę
Nie ma etykietki, Dołącz pierwszą etykiete!
|
MARC
| LEADER | 00000 a a2200000 04500 | ||
|---|---|---|---|
| 001 | 46832 | ||
| 003 | |||
| 040 | |||
| 100 | |a Zavala, José Santos | ||
| 245 | |a Participación ciudadana y gobernanza local como forma de gobierno en México / |c José Santos Zavala, Francisco Porras | ||
| 700 | |a Porras, Francisco | ||
| 773 | |a volumen1, páginas 137-158 : gráficos | ||
| 999 | |c 20415 |d 20415 | ||
